000 00744nam a2200181Ia 4500
008 090122s9999 xx 000 0 und d
082 _b12497
100 _aनेने
_bमनोहर
245 _aमुलखावेगळा - कै. डॉ. शंकरराव कर्वे
260 _bमहर्षी कर्वे स्त्री शिक्षण संस्था
_c2005
300 _a49
501 _aभेट - अनामिक
600 _aनेने
630 _aमुलखावेगळा - कै. डॉ. शंकरराव कर्वे
700 _aनेने
730 _aमुलखावेगळा - कै. डॉ. शंकरराव कर्वे
942 _cBOOK
999 _c36574
_d36574